| 000 | 01093 a2200325 4500 | ||
|---|---|---|---|
| 001 | 200423896 | ||
| 999 |
_c200423896 _d26354 |
||
| 003 | TR-AnTOB | ||
| 005 | 20240904074057.0 | ||
| 008 | 160513s2015 tu 000 0 d | ||
| 020 | _a9786051523071 | ||
| 040 |
_btur _dTR-AnTOB _erda |
||
| 041 | 0 | _atur | |
| 050 | 0 | 4 |
_aKKX1050 _b.C46 2015 |
| 090 | _aKKX1050 .C46 2015 | ||
| 100 | 1 |
_aCenkci, Esra _9112233 |
|
| 245 | 1 | 0 |
_aKayıtlı sermaye sistemi : _b[Anonim ortaklıklarda kayıtlı sermaye sistemi] / _cEsra Cenkci. |
| 246 | 1 | 4 | _aAnonim ortaklıklarda kayıtlı sermaye sistemi |
| 264 | 1 |
_aİstanbul : _bOn İki Levha Yayınları, _c2015. |
|
| 300 |
_aXXVII, 483 pages ; _c24 cm. |
||
| 336 |
_atext _btxt _2rdacontent |
||
| 337 |
_aunmediated _bn _2rdamedia |
||
| 338 |
_avolume _bnc _2rdacarrier |
||
| 504 | _aIncludes bibliographical references (pages [459]-483) | ||
| 650 | 7 |
_aŞirketler hukuku _zTürkiye _2etuturkob _9107934 |
|
| 650 | 0 |
_aCorporation law _zTurkey _990066 |
|
| 650 | 7 |
_aTicaret hukuku _zTürkiye _2etuturkob _934380 |
|
| 650 | 0 |
_aCommercial law _zTurkey _934379 |
|
| 942 | _cBK | ||